<?xml version="1.0" encoding="UTF-8"?>
<record
    xmlns:xsi="http://www.w3.org/2001/XMLSchema-instance"
    xsi:schemaLocation="http://www.loc.gov/MARC21/slim http://www.loc.gov/standards/marcxml/schema/MARC21slim.xsd"
    xmlns="http://www.loc.gov/MARC21/slim">

  <leader>02677njm a2200421Ia 4500</leader>
  <controlfield tag="001">23866</controlfield>
  <controlfield tag="003">IT-RoPAU</controlfield>
  <controlfield tag="005">20220918181203.0</controlfield>
  <controlfield tag="008">131025s9999    xx            000 0 und d</controlfield>
  <datafield tag="040" ind1=" " ind2=" ">
    <subfield code="a">IT-RoPAU</subfield>
  </datafield>
  <datafield tag="040" ind1=" " ind2=" ">
    <subfield code="c">IT-RoPAU</subfield>
  </datafield>
  <datafield tag="999" ind1=" " ind2=" ">
    <subfield code="c">103168</subfield>
    <subfield code="d">103168</subfield>
  </datafield>
  <datafield tag="999" ind1=" " ind2=" ">
    <subfield code="b">n.d.</subfield>
  </datafield>
  <datafield tag="100" ind1=" " ind2=" ">
    <subfield code="a">AA.VV.</subfield>
    <subfield code="9">794</subfield>
  </datafield>
  <datafield tag="100" ind1=" " ind2=" ">
    <subfield code="e">Autore musica</subfield>
    <subfield code="9">6792</subfield>
  </datafield>
  <datafield tag="100" ind1=" " ind2=" ">
    <subfield code="g">Codice autore musica SPICS: 12000</subfield>
    <subfield code="9">796</subfield>
  </datafield>
  <datafield tag="245" ind1=" " ind2=" ">
    <subfield code="a">Romantic concerto vol. 6 (Lp Rdz-St 14261)</subfield>
  </datafield>
  <datafield tag="250" ind1=" " ind2=" ">
    <subfield code="a">1a ed.</subfield>
  </datafield>
  <datafield tag="260" ind1=" " ind2=" ">
    <subfield code="a">MILANO</subfield>
  </datafield>
  <datafield tag="260" ind1=" " ind2=" ">
    <subfield code="b">RI - FI RECORD COMPANY</subfield>
    <subfield code="c">1975 [1a Ed.:1975]</subfield>
  </datafield>
  <datafield tag="300" ind1=" " ind2=" ">
    <subfield code="a">DISCO</subfield>
  </datafield>
  <datafield tag="300" ind1=" " ind2=" ">
    <subfield code="c">38 minuti (Testo:  pag.)</subfield>
  </datafield>
  <datafield tag="500" ind1=" " ind2=" ">
    <subfield code="a">Musica romantica. Arrangiamenti di Intra Enrico</subfield>
  </datafield>
  <datafield tag="505" ind1=" " ind2=" ">
    <subfield code="a">Clair de lune (4:00) - Sogno. Traumerei (4:00) - Notturno in do minore (4:00) - Preludio in mi minore (4:00) - Aria dal II concerto per pianoforte in do minore (4:00) - Andante dalla sonata per pianoforte K 545 (4:00) - Andante cantabile dalla sinfonia n. 5 (7:00) - Largo (3:00) - Valse triste (5:00) - Notturno dal quartetto in re maggiore (4:00)</subfield>
  </datafield>
  <datafield tag="511" ind1=" " ind2=" ">
    <subfield code="a">Direttore d'orchestra: Calvi Pino</subfield>
  </datafield>
  <datafield tag="650" ind1=" " ind2=" ">
    <subfield code="a">ROMANTICA [DISCHI]</subfield>
    <subfield code="e">Codice MATERIA SPICS: 9950</subfield>
    <subfield code="9">6793</subfield>
  </datafield>
  <datafield tag="700" ind1=" " ind2=" ">
    <subfield code="a">Debussy Claude</subfield>
    <subfield code="d">Codice autore musica SPICS: 7486</subfield>
    <subfield code="e">Autore musica</subfield>
    <subfield code="p">Clair de lune</subfield>
    <subfield code="9">6794</subfield>
  </datafield>
  <datafield tag="700" ind1=" " ind2=" ">
    <subfield code="a">Ballotta Ettore</subfield>
    <subfield code="d">Codice autore musica SPICS: 13931</subfield>
    <subfield code="e">Autore musica</subfield>
    <subfield code="p">Clair de lune - Notturno in do minore - Preludio in mi minore - Aria dal II concerto per pianoforte in do minore</subfield>
    <subfield code="9">6795</subfield>
  </datafield>
  <datafield tag="700" ind1=" " ind2=" ">
    <subfield code="a">Schumann Robert</subfield>
    <subfield code="d">Codice autore musica SPICS: 11150</subfield>
    <subfield code="e">Autore musica</subfield>
    <subfield code="p">Sogno. Traumerei</subfield>
    <subfield code="9">6796</subfield>
  </datafield>
  <datafield tag="700" ind1=" " ind2=" ">
    <subfield code="a">Intra Enrico</subfield>
    <subfield code="d">Codice autore SPICS: 13932</subfield>
    <subfield code="e">Autore</subfield>
    <subfield code="p">Sogno. Traumerei - Andante dalla sonata per pianoforte K 545 - Andante cantabile dalla sinfonia n. 5 - Largo - Valse triste - Notturno dal quartetto in re maggiore</subfield>
    <subfield code="9">6797</subfield>
  </datafield>
  <datafield tag="700" ind1=" " ind2=" ">
    <subfield code="a">Chopin Fryderyk</subfield>
    <subfield code="d">Codice autore musica SPICS: 8056</subfield>
    <subfield code="e">Autore musica</subfield>
    <subfield code="p">Notturno in do minore - Preludio in mi minore</subfield>
    <subfield code="9">6798</subfield>
  </datafield>
  <datafield tag="700" ind1=" " ind2=" ">
    <subfield code="a">Rachmaninov Sergej</subfield>
    <subfield code="d">Codice autore SPICS: 8144</subfield>
    <subfield code="e">Autore</subfield>
    <subfield code="p">Aria dal II concerto per pianoforte in do minore</subfield>
    <subfield code="9">6799</subfield>
  </datafield>
  <datafield tag="700" ind1=" " ind2=" ">
    <subfield code="a">Mozart Wolfgang Amadeus</subfield>
    <subfield code="d">Codice autore musica SPICS: 3486</subfield>
    <subfield code="e">Autore musica</subfield>
    <subfield code="p">Andante dalla sonata per pianoforte K 545</subfield>
    <subfield code="9">6800</subfield>
  </datafield>
  <datafield tag="700" ind1=" " ind2=" ">
    <subfield code="a">Cajkovskij Petr Llijch</subfield>
    <subfield code="d">Codice autore musica SPICS: 10808</subfield>
    <subfield code="e">Autore musica</subfield>
    <subfield code="p">Andante cantabile dalla sinfonia n. 5</subfield>
    <subfield code="9">6801</subfield>
  </datafield>
  <datafield tag="700" ind1=" " ind2=" ">
    <subfield code="a">Handel Georg Friedrich</subfield>
    <subfield code="d">Codice autore musica SPICS:  5619</subfield>
    <subfield code="e">Autore musica</subfield>
    <subfield code="9">6802</subfield>
  </datafield>
  <datafield tag="700" ind1=" " ind2=" ">
    <subfield code="a">Sibelius Jan</subfield>
    <subfield code="d">Codice autore musica SPICS: 8198</subfield>
    <subfield code="e">Autore musica</subfield>
    <subfield code="p">Valse triste</subfield>
    <subfield code="9">6803</subfield>
  </datafield>
  <datafield tag="700" ind1=" " ind2=" ">
    <subfield code="a">Borodin Alexandr Porfirievic</subfield>
    <subfield code="d">Codice autore musica SPICS: 10770</subfield>
    <subfield code="e">Autore musica</subfield>
    <subfield code="p">Notturno dal quartetto in re maggiore</subfield>
    <subfield code="9">6804</subfield>
  </datafield>
  <datafield tag="942" ind1=" " ind2=" ">
    <subfield code="c">MD</subfield>
    <subfield code="2">ddc</subfield>
  </datafield>
  <datafield tag="952" ind1=" " ind2=" ">
    <subfield code="0">0</subfield>
    <subfield code="1">0</subfield>
    <subfield code="4">0</subfield>
    <subfield code="6">23866_000000000000000</subfield>
    <subfield code="7">1</subfield>
    <subfield code="a">SPICS</subfield>
    <subfield code="b">SPICS</subfield>
    <subfield code="d">2013-10-25</subfield>
    <subfield code="l">0</subfield>
    <subfield code="o">23866</subfield>
    <subfield code="r">2013-10-25 00:00:00</subfield>
    <subfield code="w">2013-10-25</subfield>
    <subfield code="y">MD</subfield>
    <subfield code="z">Progr. Ins.: 4713 / N.Vol.: 1 / Copie: 1 - Copia rara: n.d. / date import: 01.01.2014 - By Epidotti, Trombetti, Vaglietti</subfield>
  </datafield>
</record>
